000 00332nam a22001337a 4500
003 OSt
005 20260316104015.0
008 260316b |||||||| |||| 00| 0 eng d
040 _c
082 _a371.264
_bSHA
245 _aData Interpretation for CAT
_cArun Sharma
260 _bMcgraw Hill
_c2025
942 _2ddc
_cBK
_k371.264
_mSHA
_n0
999 _c36322
_d36322